| 000 | 01025nam a22002897a 4500 | ||
|---|---|---|---|
| 005 | 20100913120915.0 | ||
| 008 | 100913t xxu||||| |||| 00| 0 eng d | ||
| 010 | _aENG-101478 | ||
| 020 |
_a9788179102923 _c550.00 |
||
| 035 | _aEN-85011 | ||
| 037 | _bDBAD / PUB | ||
| 040 |
_adpl _bEnglish |
||
| 082 | _a631.5233 | ||
| 100 |
_aTrivedi,P.C. _919627 |
||
| 245 |
_aTransgenic crops / _cby P.C.Trivedi [and] Shivangi Mathur |
||
| 260 |
_aJaipur _bAavishkar Publishers, Distributors _c2009 |
||
| 270 |
_a807, Vyas Building, Chaura Rasta, _bJaipur _e302003 |
||
| 300 |
_aviii,160 p. : _c23cm (Hb) _bill. |
||
| 500 | _aIncludes bibliographical references and glossary | ||
| 650 | _919619 | ||
| 650 |
_919620 _2Transgenic plants. |
||
| 650 | _919621 | ||
| 650 | _919622 | ||
| 700 |
_919623 _aMathur,Shivangi |
||
| 942 |
_2ddc _cEN _mTRI _h631.5233 |
||
| 999 |
_c45353 _d45353 |
||